A bibliography on political, economic and social backgrounds of certain European countries, (Record no. 89949)
[ view plain ]
| 000 -LEADER | |
|---|---|
| fixed length control field | 01179cam a22002651 4500 |
| 001 - CONTROL NUMBER | |
| control field | sd 45000034 |
| 003 - CONTROL NUMBER IDENTIFIER | |
| control field | DLC |
| 005 - DATE AND TIME OF LATEST TRANSACTION | |
| control field | 20260227112735.0 |
| 008 - FIXED-LENGTH DATA ELEMENTS--GENERAL INFORMATION | |
| fixed length control field | 850408s1944 nyu b 000 0 eng c |
| 010 ## - LIBRARY OF CONGRESS CONTROL NUMBER | |
| LC control number | sd 45000034 |
| 035 ## - SYSTEM CONTROL NUMBER | |
| System control number | (OCoLC)11892604 |
| 040 ## - CATALOGING SOURCE | |
| Original cataloging agency | U.S. Dept. of state. Libr. |
| Transcribing agency | NhD |
| Modifying agency | DLC |
| 042 ## - AUTHENTICATION CODE | |
| Authentication code | premarc |
| 050 00 - LIBRARY OF CONGRESS CALL NUMBER | |
| Classification number | Z6204 |
| Item number | .R8 |
| 110 2# - MAIN ENTRY--CORPORATE NAME | |
| Corporate name or jurisdiction name as entry element | Russell Sage Foundation. |
| Subordinate unit | Department of Statistics. |
| 245 12 - TITLE STATEMENT | |
| Title | A bibliography on political, economic and social backgrounds of certain European countries, |
| Statement of responsibility, etc. | compiled by Henrietta Kierman [and] Eric F. Schweinburg, Department of statistics, Russell Sage foundation. |
| 260 ## - PUBLICATION, DISTRIBUTION, ETC. | |
| Place of publication, distribution, etc. | New York city, |
| Date of publication, distribution, etc. | 1944. |
| 300 ## - PHYSICAL DESCRIPTION | |
| Extent | 4 p. l., 2-39 (i.e. 40) numb. l. |
| Dimensions | 28 x 22 cm. |
| 500 ## - GENERAL NOTE | |
| General note | Mimeographed. |
| 500 ## - GENERAL NOTE | |
| General note | An annotated bibliography intended to give "broad information of a non-techical nature either to persons interested in programs of international relief and rehabilitation or to students of foreign areas." cf. 2d prelim. leaf. |
| 651 #0 - SUBJECT ADDED ENTRY--GEOGRAPHIC NAME | |
| Geographic name | Europe |
| General subdivision | History |
| Form subdivision | Bibliography. |
| 651 #0 - SUBJECT ADDED ENTRY--GEOGRAPHIC NAME | |
| Geographic name | Europe |
| Form subdivision | Bibliography. |
| 700 1# - ADDED ENTRY--PERSONAL NAME | |
| Personal name | Kierman, Henrietta, |
| Relator term | comp. |
| 700 1# - ADDED ENTRY--PERSONAL NAME | |
| Personal name | Schweinburg, Eric F., |
| Relator term | joint comp. |
No items available.